|
|
|
|
| LEADER |
01262nam a2200337 a 4500 |
| 001 |
32040 |
| 003 |
BD-DhAAL |
| 005 |
20211116104441.0 |
| 008 |
170917s1999 mau b 001 0 eng |
| 999 |
|
|
|c 38260
|d 38260
|
| 010 |
|
|
|a 99020670
|
| 020 |
|
|
|a 0262133555 (hc : alk. paper)
|
| 020 |
|
|
|a 9780262133555
|
| 020 |
|
|
|a 9780262632058
|
| 040 |
|
|
|a DLC
|c DLC
|d DLC
|d BD-DhAAL
|
| 050 |
0 |
0 |
|a HE7631
|b .M58 1999
|
| 082 |
0 |
0 |
|a 303.4833
|2 21
|
| 100 |
1 |
|
|a Mitchell, William J.
|q (William John),
|d 1944-2010.
|9 22033
|
| 245 |
1 |
0 |
|a E-topia :
|b "Urban life, Jim--but not as we know it" /
|c William J. Mitchell.
|
| 260 |
|
|
|a Cambridge, MA :
|b MIT Press,
|c c1999.
|
| 300 |
|
|
|a 184 pages ;
|c 24 cm.
|
| 504 |
|
|
|a Includes bibliographical references (p. 157-180) and index.
|
| 526 |
|
|
|a ARC
|
| 541 |
|
|
|e 32040
|
| 650 |
|
0 |
|a Telecommunication
|x Social aspects.
|9 22034
|
| 650 |
|
0 |
|a Computer networks
|x Social aspects.
|9 22035
|
| 650 |
|
0 |
|a Information superhighway
|x Social aspects.
|9 22036
|
| 650 |
|
0 |
|a Cities and towns.
|9 22037
|
| 650 |
|
0 |
|a Architecture
|9 42687
|
| 942 |
|
|
|2 ddc
|c BK
|
| 952 |
|
|
|0 0
|1 0
|2 ddc
|4 0
|6 303_483300000000000_MIT
|7 0
|9 61019
|a BRACUL
|b BRACUL
|c GEN
|d 2017-08-24
|e Karim International
|g 1600.00
|l 0
|o 303.4833 MIT
|p 3010032040
|r 2017-08-24
|t 1
|v 1600.00
|w 2017-08-24
|y BK
|